<?xml version="1.0" encoding="UTF-8"?><?xml-stylesheet type="text/xsl" href="static/style.xsl"?><OAI-PMH xmlns="http://www.openarchives.org/OAI/2.0/" xmlns:xsi="http://www.w3.org/2001/XMLSchema-instance" xsi:schemaLocation="http://www.openarchives.org/OAI/2.0/ http://www.openarchives.org/OAI/2.0/OAI-PMH.xsd"><responseDate>2026-04-17T23:23:05Z</responseDate><request verb="GetRecord" identifier="oai:riubu.ubu.es:10259/3789" metadataPrefix="marc">https://riubu.ubu.es/oai/request</request><GetRecord><record><header><identifier>oai:riubu.ubu.es:10259/3789</identifier><datestamp>2024-07-16T10:03:34Z</datestamp><setSpec>com_10259_9391</setSpec><setSpec>com_10259_5087</setSpec><setSpec>com_10259_2728</setSpec><setSpec>col_10259_9392</setSpec></header><metadata><record xmlns="http://www.loc.gov/MARC21/slim" xmlns:doc="http://www.lyncode.com/xoai" xmlns:xsi="http://www.w3.org/2001/XMLSchema-instance" xmlns:dcterms="http://purl.org/dc/terms/" xsi:schemaLocation="http://www.loc.gov/MARC21/slim http://www.loc.gov/standards/marcxml/schema/MARC21slim.xsd">
<leader>00925njm 22002777a 4500</leader>
<datafield tag="042" ind1=" " ind2=" ">
<subfield code="a">dc</subfield>
</datafield>
<datafield tag="720" ind1=" " ind2=" ">
<subfield code="a">Morquillas Nebreda, Adriana</subfield>
<subfield code="e">author</subfield>
</datafield>
<datafield tag="720" ind1=" " ind2=" ">
<subfield code="a">Velasco González, Sandra</subfield>
<subfield code="e">author</subfield>
</datafield>
<datafield tag="720" ind1=" " ind2=" ">
<subfield code="a">Vicente García, Ángela</subfield>
<subfield code="e">author</subfield>
</datafield>
<datafield tag="520" ind1=" " ind2=" ">
<subfield code="a">El presente trabajo tiene la finalidad de incrementar el nivel de notoriedad de la empresa familiar SEMCAL, S.A., dedicada al sector del vending, a través de la elección de varias estrategias que supondrán un aumento en las ventas y una mejora en el servicio. Para ello, se ofrece una propuesta de acción a cinco años donde se procederá a implantar nuevas medidas que permitirán a la empresa entrar en nuevos mercados, introducir nuevos productos e incluir nuevas formas de ofrecerles en sus máquinas expendedoras.&#xd;
Su larga trayectoria en el sector, permite a la empresa tener un amplio conocimiento tanto de su entorno como de sus competidores, lo que convierte a su experiencia en una ventaja que le permitirá avanzar hacia los objetivos marcados hasta 2020.</subfield>
</datafield>
<datafield tag="520" ind1=" " ind2=" ">
<subfield code="a">The present work aims to increase the level of notoriety of SEMCAL, S.A., a family-owned company engaged in the vending sector, through the choice of several strategies that will increase the sales and improve the service. For this purpose, an action plan proposal is offered over five years to implement new measures which will allow the company to enter new markets, introduce new products and include new ways to offer them in their vending machines.&#xd;
Its long history in the industry allows the company to have a broad knowledge of both their environment and their competitors, turning that experience into an advantage that will lead the company to accomplish its objectives by 2020.</subfield>
</datafield>
<datafield tag="024" ind2=" " ind1="8">
<subfield code="a">http://hdl.handle.net/10259/3789</subfield>
</datafield>
<datafield ind1=" " ind2=" " tag="653">
<subfield code="a">Vending</subfield>
</datafield>
<datafield ind1=" " ind2=" " tag="653">
<subfield code="a">SEMCAL, S.A.</subfield>
</datafield>
<datafield ind1=" " ind2=" " tag="653">
<subfield code="a">Marketing</subfield>
</datafield>
<datafield ind1=" " ind2=" " tag="653">
<subfield code="a">Vending machine</subfield>
</datafield>
<datafield ind1=" " ind2=" " tag="653">
<subfield code="a">Self-service</subfield>
</datafield>
<datafield ind1=" " ind2=" " tag="653">
<subfield code="a">Máquina expendedora</subfield>
</datafield>
<datafield ind1=" " ind2=" " tag="653">
<subfield code="a">Autoservicio</subfield>
</datafield>
<datafield tag="245" ind1="0" ind2="0">
<subfield code="a">SEMCAL, S.A.: plan estratégico de marketing (2015-2020)</subfield>
</datafield>
</record></metadata></record></GetRecord></OAI-PMH>